[Event "La Pobla de Lillet op 33rd"]
[Site "La Pobla de Lillet"]
[Date "2024.08.04"]
[Round "3"]
[White "Barbany Vellve, Ricard"]
[Black "Cervello Tost, Roger"]
[Result "0-1"]
[WhiteElo "1902"]
[BlackElo "2039"]
[PlyCount "60"]
[EventDate "2024.08.02"]
[EventType "swiss"]
[EventRounds "9"]
[EventCountry "ESP"]
[SourceTitle "CBM 221 Extra"]
[Source "ChessBase"]
[SourceDate "2024.09.30"]
[SourceVersion "1"]
[SourceVersionDate "2024.09.30"]
[SourceQuality "1"]

1. e4 e5 2. Nf3 Nc6 3. Bc4 Nf6 4. Ng5 d5 5. exd5 Na5 6. Bb5+ c6 7. dxc6 bxc6 8. Be2 h6 9. Nf3 e4 10. Ne5 Bd6 11. d4 exd3 12. Nxd3 0-0 13. 0-0 Qc7 14. h3 Rd8 15. Nc3 Rb8 16. b3 c5 17. Qe1 c4 18. Nb2 cxb3 19. cxb3 Bb4 20. Nc4 Ne4 21. Bb2 Nxc4 22. Bxc4 Nd2 23. Nd5 Nxf1 24. Be5 Qc5 25. Nxb4 Rxb4 26. Rc1 Qe7 27. Kxf1 Rb6 28. Qe3 Rg6 29. Bd3 Rxd3 30. Qxd3 Ba6 0-1

[Event "La Pobla de Lillet op 33rd"]
[Site "La Pobla de Lillet"]
[Date "2024.08.03"]
[Round "2"]
[White "Cervello Tost, Roger"]
[Black "Terron Chueco, David"]
[Result "1/2-1/2"]
[WhiteElo "2039"]
[BlackElo "1927"]
[PlyCount "114"]
[EventDate "2024.08.02"]
[EventType "swiss"]
[EventRounds "9"]
[EventCountry "ESP"]
[SourceTitle "CBM 221 Extra"]
[Source "ChessBase"]
[SourceDate "2024.09.30"]
[SourceVersion "1"]
[SourceVersionDate "2024.09.30"]
[SourceQuality "1"]

1. e4 c5 2. c3 Nf6 3. e5 Nd5 4. d4 cxd4 5. Nf3 Nc6 6. cxd4 d6 7. Bc4 Nb6 8. Bb5 dxe5 9. Nxe5 Bd7 10. Nxd7 Qxd7 11. Nc3 e6 12. 0-0 Be7 13. Qg4 0-0 14. Bxc6 bxc6 15. Bh6 Bf6 16. Rfd1 Rfd8 17. Ne4 Qe7 18. Rac1 Rac8 19. h4 Rd5 20. Rc3 Kh8 21. Bg5 Bxg5 22. Nxg5 Nd7 23. Qh5 Nf6 24. Qxf7 Qxf7 25. Nxf7+ Kg8 26. Ng5 e5 27. Nf3 e4 28. Ne5 c5 29. Rdc1 Rxd4 30. Rxc5 Rxc5 31. Rxc5 h6 32. Rc2 Rd5 33. Nc6 Rd1+ 34. Kh2 Rd3 35. Ne5 Rd5 36. Nc4 Kf7 37. Ne3 Rd7 38. Kg3 g5 39. hxg5 hxg5 40. b4 Kg6 41. a4 Rd4 42. Rb2 a5 43. bxa5 Rxa4 44. Rb5 Nh5+ 45. Kh2 Nf4 46. Rb6+ Kf7 47. a6 Ke8 48. Kg3 Kd8 49. Kg4 Kc7 50. Rh6 Ra2 51. Kxg5 Rxf2 52. a7 Kb7 53. Rh7+ Ka8 54. Nc4 Nd5 55. Rd7 Rxg2+ 56. Kf5 Rc2 57. Na3 Rc5 1/2-1/2

[Event "La Pobla de Lillet op-A 31st"]
[Site "La Pobla de Lillet"]
[Date "2022.08.07"]
[Round "6"]
[White "Cervello Tost, Roger"]
[Black "Martinez Pla, Xavier"]
[Result "0-1"]
[WhiteElo "2051"]
[BlackElo "2310"]
[PlyCount "76"]
[EventDate "2022.08.02"]
[EventType "swiss"]
[EventRounds "9"]
[EventCountry "ESP"]
[SourceTitle "CBM 209 Extra"]
[Source "ChessBase"]
[SourceDate "2022.09.30"]
[SourceVersion "1"]
[SourceVersionDate "2022.09.30"]
[SourceQuality "1"]

1. e4 c5 2. c3 Nf6 3. e5 Nd5 4. d4 cxd4 5. cxd4 d6 6. Nf3 e6 7. Bc4 Be7 8. 0-0 0-0 9. Qe2 b6 10. Rd1 Bb7 11. Bxd5 exd5 12. Bf4 Na6 13. Nc3 Nc7 14. Rac1 Re8 15. Qd3 a6 16. Re1 Ne6 17. Bg3 b5 18. Ne2 Qb6 19. Nf4 dxe5 20. Nxe5 Nxd4 21. Nd7 Qd8 22. Qxd4 Qxd7 23. Nh5 Bf8 24. Be5 Qe6 25. Re3 Rac8 26. Rcc3 Qg6 27. g4 Rc4 28. Rxc4 dxc4 29. f3 Rc8 30. Qd7 Qc6 31. Qxc6 Bxc6 32. Kg2 f6 33. Bd4 Rd8 34. Bc3 b4 35. Be1 Kf7 36. Nf4 a5 37. Re6 Bd6 38. Bg3 g5 0-1

[Event "Barcelona Sants op 21st"]
[Site "Barcelona"]
[Date "2019.08.23"]
[Round "1"]
[White "Seul, Georg"]
[Black "Cervello Tost, Roger"]
[Result "1-0"]
[WhiteElo "2422"]
[BlackElo "2041"]
[PlyCount "28"]
[EventDate "2019.08.23"]
[EventType "swiss"]
[EventRounds "10"]
[EventCountry "ESP"]
[SourceTitle "EXT 2020"]
[Source "ChessBase"]
[SourceDate "2019.10.17"]
[SourceVersion "1"]
[SourceVersionDate "2019.10.17"]
[SourceQuality "1"]

1. e4 e5 2. Bc4 Nf6 3. d3 Nc6 4. Nf3 Bc5 5. 0-0 d6 6. c3 0-0 7. Bg5 Bg4 8. h3 Be6 9. Bd5 Bb6 10. Nbd2 Rb8 11. a4 a6 12. Nc4 Ba7 13. Ne3 Ne7 14. Bxf6 gxf6 1-0

[Event "Barcelona Sant Marti op 21st"]
[Site "Barcelona"]
[Date "2019.07.19"]
[Round "7"]
[White "Cervello Tost, Roger"]
[Black "Santanna, Paulo"]
[Result "0-1"]
[WhiteElo "2073"]
[BlackElo "1856"]
[PlyCount "44"]
[EventDate "2019.07.13"]
[EventType "swiss"]
[EventRounds "9"]
[EventCountry "ESP"]
[SourceTitle "EXT 2020"]
[Source "ChessBase"]
[SourceDate "2019.10.17"]
[SourceVersion "1"]
[SourceVersionDate "2019.10.17"]
[SourceQuality "1"]

1. e4 c5 2. d4 cxd4 3. c3 g6 4. Nf3 Bg7 5. cxd4 d5 6. e5 Bg4 7. Nc3 Nc6 8. Be2 Nh6 9. 0-0 Nf5 10. Be3 0-0 11. h3 Bxf3 12. Bxf3 e6 13. g4 Nxe3 14. fxe3 Qh4 15. Bg2 f6 16. exf6 Bxf6 17. Rc1 Bg5 18. Qe1 Qh6 19. Rxf8+ Rxf8 20. Rd1 Bxe3+ 21. Kh1 Nxd4 22. Rd3 Rf3 0-1

[Event "Barcelona Sant Marti op 21st"]
[Site "Barcelona"]
[Date "2019.07.18"]
[Round "6"]
[White "Travesset Sagre, Jan"]
[Black "Cervello Tost, Roger"]
[Result "1/2-1/2"]
[WhiteElo "1922"]
[BlackElo "2073"]
[PlyCount "107"]
[EventDate "2019.07.13"]
[EventType "swiss"]
[EventRounds "9"]
[EventCountry "ESP"]
[SourceTitle "EXT 2020"]
[Source "ChessBase"]
[SourceDate "2019.10.17"]
[SourceVersion "1"]
[SourceVersionDate "2019.10.17"]
[SourceQuality "1"]

1. Nf3 d5 2. c4 e6 3. g3 Nf6 4. d4 Nbd7 5. Bg2 Be7 6. 0-0 0-0 7. Qc2 b6 8. cxd5 exd5 9. Ne5 Bb7 10. Nc6 Qe8 11. Nxe7+ Qxe7 12. Nc3 a6 13. Qb3 Rfd8 14. Bf4 Rac8 15. Rfd1 Qe6 16. Bg5 c5 17. dxc5 Nxc5 18. Qb4 Nce4 19. Bxe4 dxe4 20. Bxf6 Qxf6 21. Rxd8+ Rxd8 22. Rd1 Rxd1+ 23. Nxd1 Qe6 24. Ne3 b5 25. Qc5 g6 26. Qc7 Qc6 27. Qxc6 Bxc6 28. Kf1 f5 29. Ke1 Kf7 30. Kd2 Ke6 31. Ng2 Ke5 32. e3 b4 33. Nf4 Bb5 34. a3 bxa3 35. bxa3 g5 36. Ng2 Bf1 37. Ne1 f4 38. gxf4+ gxf4 39. f3 h6 40. exf4+ Kxf4 41. fxe4 Kxe4 42. Nc2 Kf3 43. Nd4+ Ke4 44. Nc2 h5 45. h4 Kf4 46. Ne3 Bh3 47. Nd5+ Ke5 48. Nb4 Bf1 49. Ke3 Bb5 50. Nc2 Bc6 51. Nb4 Bb5 52. Nc2 Kf5 53. Nd4+ Kg4 54. Ne6 1/2-1/2

[Event "Barcelona Gotic op 2nd"]
[Site "Barcelona"]
[Date "2018.04.24"]
[Round "1"]
[White "Cervello Tost, Roger"]
[Black "Tortosa Moros, Joan"]
[Result "1-0"]
[WhiteElo "1972"]
[BlackElo "1690"]
[PlyCount "77"]
[EventDate "2018.04.24"]
[EventType "swiss"]
[EventRounds "8"]
[EventCountry "ESP"]
[SourceTitle "EXT 2019"]
[Source "ChessBase"]
[SourceDate "2018.10.10"]
[SourceVersion "1"]
[SourceVersionDate "2018.10.10"]
[SourceQuality "1"]

1. e4 c5 2. d4 cxd4 3. c3 g6 4. Nf3 Bg7 5. Bc4 e6 6. 0-0 Ne7 7. cxd4 0-0 8. Nc3 d5 9. exd5 Nxd5 10. Bg5 Nxc3 11. bxc3 Qc7 12. Qe2 Nc6 13. Rab1 Bd7 14. Qe3 Nxd4 15. cxd4 Qxc4 16. Rxb7 Qd5 17. Rc7 Rfc8 18. Rfc1 Rxc7 19. Rxc7 Bc6 20. Qf4 e5 21. Qg4 f5 22. Qh4 Rb8 23. h3 e4 24. Rxg7+ Kxg7 25. Bf6+ Kg8 26. Ne5 e3 27. f3 e2 28. Kh2 Rb1 29. Qh6 Rb7 30. Qd2 Qd6 31. Bh4 Bb5 32. Qc3 Bd7 33. Qc4+ Be6 34. Qxe2 Re7 35. Bxe7 Qxe7 36. Qb5 Kg7 37. f4 Kh6 38. d5 Bd7 39. d6 1-0

[Event "Barcelona Sant Marti op 7th"]
[Site "Barcelona"]
[Date "2018.02.22"]
[Round "7"]
[White "Fernandez Madrid, Carlos"]
[Black "Cervello Tost, Roger"]
[Result "1-0"]
[WhiteElo "2038"]
[BlackElo "1941"]
[PlyCount "121"]
[EventDate "2018.01.11"]
[EventType "swiss"]
[EventRounds "9"]
[EventCountry "ESP"]
[SourceTitle "EXT 2019"]
[Source "ChessBase"]
[SourceDate "2018.10.10"]
[SourceVersion "1"]
[SourceVersionDate "2018.10.10"]
[SourceQuality "1"]

1. d4 d5 2. c4 e6 3. Nc3 Nf6 4. cxd5 exd5 5. Bg5 c6 6. Qc2 Nbd7 7. e3 Be7 8. Bd3 0-0 9. Nge2 Re8 10. 0-0 Nf8 11. Rae1 Be6 12. f3 a6 13. Kh1 Rc8 14. e4 dxe4 15. fxe4 Ng4 16. Bxe7 Qxe7 17. Nf4 c5 18. Nxe6 Nxe6 19. Qe2 h5 20. dxc5 Nd4 21. Qd2 Qxc5 22. Nd5 Qd6 23. Qf4 Qxf4 24. Rxf4 Ne5 25. Bb1 Ne6 26. Rf5 Nc5 27. h3 Ncd3 28. Bxd3 Nxd3 29. Re2 Rc1+ 30. Kh2 Rc4 31. Rg5 Re6 32. b3 Rc1 33. Rxh5 g6 34. Rg5 Kg7 35. Rg3 Nc5 36. Rc3 Rxc3 37. Nxc3 b5 38. b4 Nd3 39. a3 Ne5 40. Ra2 Rc6 41. Nb1 Rc4 42. Nd2 Rd4 43. Nb3 Rxe4 44. Nc5 Re3 45. Nxa6 Nc4 46. a4 bxa4 47. Rxa4 Re2 48. b5 Nb6 49. Rd4 Re5 50. Nc7 Rc5 51. Rd6 Nc8 52. Rd7 Re5 53. Nd5 Re6 54. Rc7 Nb6 55. Nxb6 Rxb6 56. Rc5 Kf8 57. Kg3 Ke7 58. Kf4 f6 59. Ke4 f5+ 60. Kf4 Rd6 61. Rc6 1-0